000 00632nam a22002297a 4500
003 UA-OsUOA
001 95879
007 ta
008 20130312b un ||||| |||| 00| 0 ukr d
100 _aКузьмин Н.
090 _a821.161.1
_bК89
942 _cBK
040 _aUA-OsUOA
_brus
_cUA-OsUOA
_dUA-OsUOA
245 _aМеч и плуг
_bповесть о Григории Котовском
300 _a398 с.
955 _a3
041 _arus
080 _a821.161.1
260 _aМ.
_bПолитиздат
_c1981
650 7 _a82 Література. Літературознавство
_2UDC
999 _c382124
_d382124